| 000 | 00821nam a2200205 a 4500 | ||
|---|---|---|---|
| 003 | 0 | ||
| 005 | 20250324111707.0 | ||
| 008 | 071121s19uu xx 00 eng d | ||
| 050 |
_aPHS LB 3605 _b.B354 2007 |
||
| 100 | _aBavia, Carlo Angelo F. | ||
| 245 |
_aThe effects of working part time on the academic performance of college students / _cCarlo Angelo F. Bavia. |
||
| 260 |
_aLas PiƱas City, Philippines : _bSouthville International School and Colleges, _c2007. |
||
| 300 |
_a36 pages : _billustrations ; _c28 cm. |
||
| 504 | _aIncludes bibliographical references. | ||
| 650 |
_aPart-time employment _xImpact on education. |
||
| 650 |
_aAcademic achievement _xSocial aspects. |
||
| 650 |
_aWork-study balance _xCollege students. |
||
| 650 |
_aStudent employment _xEffects on academic performance. |
||
| 942 |
_2lcc _cPASS |
||
| 999 |
_c97798 _d97798 |
||